00449nam a2200157Ia 4500008004100000020001800041082001200059100001800071245005200089250000800141260007000149300002300219500001900242600001500261650001500276240925s9999 xx 000 0 und d a9789352606320 a657 WIL aWild, John J. 0aFinancial Accounting: information for decisions a7th aNew Delhi:bMcGraw Hill Education (India) Private Limitedc,2015. a364p.b0fOriginal aIncludes Index aManagement aAccounting